00601 2200181 4500001002100000005001500021035002000036007000300056008004100059020002200100082001000122084001600132100005000148245011700198260003600315300004000351650002800391INLIS00000000000109420241028100509 a0010-1024000064ta241028 g 0 ind  a978-979-582-233-2 a636.5 a636.5 TIM p0 aTim Direktorat Kesehatan Masyarakat Veteriner1 aPedomanKesejahteraan Hewan Pada Peternakan Ayam Petelur (Layer) /cTim Direktorat Kesehatan Masyarakat Veteriner aBogor :bPertanian Press,c2023 a61 hlm, :bilus, ;c21 cm X 29,5 cm 4aPeternakan Ayam Petelur